000 00995nam a22003257a 4500
001 84
003 FISKH
005 20230222092608.0
008 230222b cb ||||| |||| 00| 0 eng d
010 _a 82083068
020 _a030760196X (lib. bdg.)
040 _aDLC
_cDLC
_dDLC
_dFISKH
_beng
042 _alcac
050 0 0 _aPZ10.3
_b.B2139 1984
082 0 0 _a599
_219
100 _aSalten, Felix
245 1 0 _aWalt Disney's Bambi /
_cbased on the original story by Felix Salten.
260 _aRacine, Wis. :
_bWestern Pub. Co.,
_c1996
300 _a12 leaves of plates
_bcol. ill. ;
_c20 cm.
490 0 _aA Little golden book
520 _aThe adventures of a young deer growing up in a forest.
521 8 _a500
_bLexile
521 8 _aH
_bRaz-Plus
650 0 _aDeer
_xJuvenile fiction.
650 1 _aDeer
_xFiction.
700 1 _aSalten, Felix,
_d1869-1945.
_tBambi.
710 2 _aWalt Disney Productions.
906 _a7
_bcbu
_corignew
_d3
_eopcn
_f19
_gy-gencatlg
942 _2ddc
_cBK
_n0
999 _c84
_d84